| 000 | 00864nam a2200229Ia 4500 | ||
|---|---|---|---|
| 003 | OSt | ||
| 005 | 20220830144754.0 | ||
| 008 | 210716s2018 xx 000 0 und d | ||
| 020 | _a9781788393362 | ||
| 040 | _cAIMIT LIBRARY | ||
| 041 | _aeng | ||
| 082 |
_a005.448 _21 _bMICO |
||
| 100 |
_aMichalski, Oliver. _956195 |
||
| 245 |
_aImplementing azure cloud design patterns : _bimplement efficient design patterns for data management high availability monitoring and other popular patterns on your azure cloud / _cBy Oliver Michalski and Stefano Demiliani. |
||
| 250 | _a1st ed. | ||
| 260 |
_aMumbai : _bPackt Publishing Ltd , _c2018 . |
||
| 300 |
_av, 285p. ; _bPB _c23.5 cm. |
||
| 650 |
_aPerformance and scalability _956196 |
||
| 650 |
_aNetworking design and management _956197 |
||
| 700 |
_aDemiliani, Stefano. _956198 |
||
| 942 |
_2ddc _cBK _e1st _k005.448 MICO |
||
| 999 |
_c196587 _d196587 |
||